[Event "GER-chT Youth Countries 2018"]
[Site "Wurzburg"]
[Date "2018.10.07"]
[Round "7"]
[White "Arnhold, Steffi"]
[Black "Schumann, Rabea"]
[Result "1/2-1/2"]
[WhiteElo "1955"]
[BlackElo "1903"]
[Annotator "NA"]
[PlyCount "58"]
[EventDate "2018.10.03"]
[EventType "team-tourn"]
[EventCountry "GER"]
[SourceTitle "playchess.com"]
[Source "ChessBase"]
[SourceQuality "1"]

1. e4 c5 2. b3 Nc6 3. Bb2 e5 4. Nc3 g6 5. Bc4 Bg7 6. Nge2 Nge7 7. O-O O-O 8. f4 d6 9. Kh1 Be6 10. Nd5 Bxd5 11. Bxd5 Nxd5 12. exd5 Nb4 13. c4 Nd3 14. Bc3 Nxf4 15. Nxf4 exf4 16. Bxg7 Kxg7 17. Rxf4 Qe7 18. Qf3 Rae8 19. Rf1 f5 20. h4 Qe2 21. Qc3+ Kg8 22. Kg1 Re4 23. Rxe4 Qxe4 24. Qe3 Re8 25. Re1 Kf7 26. g3 Qxe3+ 27. dxe3 Kf6 28. Kf2 Re4 29. Kf3 h6 1/2-1/2

[Event "GER-chT Youth Countries 2018"]
[Site "Wurzburg"]
[Date "2018.10.07"]
[Round "7"]
[White "Troyke, Jannis"]
[Black "Lutz, Ruben"]
[Result "0-1"]
[WhiteElo "1924"]
[BlackElo "2043"]
[Annotator "NA"]
[PlyCount "92"]
[EventDate "2018.10.03"]
[EventType "team-tourn"]
[EventCountry "GER"]
[SourceTitle "playchess.com"]
[Source "ChessBase"]
[SourceQuality "1"]

1. e4 e6 2. d4 d5 3. Nd2 Nf6 4. e5 Nfd7 5. c3 c5 6. Bd3 Nc6 7. Ne2 cxd4 8. cxd4 f6 9. exf6 Nxf6 10. Nf3 Bd6 11. O-O Qc7 12. Bg5 O-O 13. Bh4 Nh5 14. Qc2 h6 15. Bh7+ Kh8 16. Bg6 Rxf3 17. Bxh5 Rf8 18. Bg3 Bd7 19. Rad1 Rac8 20. Qd2 a6 21. Rfe1 Rf6 22. Nc3 Bxg3 23. hxg3 Na5 24. Re2 Nc4 25. Qe1 Nxb2 26. Rxb2 Qxc3 27. Rxb7 Bb5 28. Bf7 Qxe1+ 29. Rxe1 Rf8 30. Bh5 Rxf2 31. Rxe6 Rxa2 32. Bg6 Re2 33. Rxe2 Bxe2 34. Rd7 Bc4 35. Bf7 Ra8 36. Bxd5 Bxd5 37. Rxd5 a5 38. Kf2 a4 39. Rc5 a3 40. Rc1 a2 41. Ra1 Kg8 42. Ke3 Kf7 43. d5 Ke7 44. Kd4 Kd6 45. Kc4 h5 46. Kd4 Ra4+ 0-1

[Event "GER-chT Youth Countries 2018"]
[Site "Wurzburg"]
[Date "2018.10.07"]
[Round "7"]
[White "von Krosigk, Florian"]
[Black "Huber, Benedikt"]
[Result "0-1"]
[WhiteElo "1897"]
[BlackElo "2116"]
[Annotator "ChessBase"]
[PlyCount "48"]
[EventDate "2018.10.03"]
[EventType "team-tourn"]
[EventCountry "GER"]
[SourceTitle "playchess.com"]
[Source "ChessBase"]
[SourceQuality "1"]

1. e4 c5 2. Nf3 e6 3. d4 cxd4 4. Nxd4 Nc6 5. Nc3 Qc7 6. Be3 a6 7. Be2 b5 8. O-O Bb7 9. a3 Nf6 10. Nxc6 Bxc6 11. Qd3 Rb8 12. f4 a5 13. Bf3 b4 14. axb4 Bxb4 15. Rfd1 O-O 16. Na4 Bb5 17. Qd4 Qxc2 18. e5 Nd5 19. Bxd5 exd5 20. Nb6 Bc6 21. Nxd5 Rb5 22. Rac1 Qe2 23. Rxc6 dxc6 24. Nc7 Bc5 0-1

[Event "GER-chT Youth Countries 2018"]
[Site "Wurzburg"]
[Date "2018.10.07"]
[Round "7"]
[White "Arakelian, Aik"]
[Black "Halas, Julia"]
[Result "1-0"]
[WhiteElo "1879"]
[BlackElo "1972"]
[Annotator "NA"]
[PlyCount "115"]
[EventDate "2018.10.03"]
[EventType "team-tourn"]
[EventCountry "GER"]
[SourceTitle "playchess.com"]
[Source "ChessBase"]
[SourceQuality "1"]

1. e4 e6 2. d4 d5 3. Nc3 Nf6 4. Bg5 Be7 5. e5 Nfd7 6. Bxe7 Qxe7 7. f4 O-O 8. Nf3 c5 9. Qd2 Nc6 10. dxc5 Nxc5 11. Qe3 b6 12. Bb5 Bd7 13. a3 a6 14. Be2 b5 15. b4 Na4 16. Nxa4 bxa4 17. Bd3 f6 18. exf6 Qxf6 19. O-O g6 20. g3 Qc3 21. Qe2 Nd4 22. Nxd4 Qxd4+ 23. Kh1 Qb6 24. h4 Bb5 25. Rae1 Rae8 26. h5 Bxd3 27. Qxd3 Rf6 28. hxg6 Rxg6 29. f5 Rf6 30. c4 dxc4 31. Qxc4 Rh6+ 32. Kg2 Qb7+ 33. Qe4 Qxe4+ 34. Rxe4 Rf6 35. g4 Kf8 36. Kg3 exf5 37. Rxe8+ Kxe8 38. gxf5 Rc6 39. Kf4 Kf7 40. Rf3 Kf6 41. Ke4 Rc1 42. Rh3 Re1+ 43. Kd4 Re7 44. Rh6+ Kxf5 45. Rxa6 h5 46. Rh6 Kg4 47. b5 h4 48. b6 h3 49. Kc5 Kg3 50. Kc6 Re3 51. b7 Rc3+ 52. Kb6 Rb3+ 53. Ka7 h2 54. b8=Q+ Rxb8 55. Kxb8 Kg2 56. Kb7 h1=Q 57. Rxh1 Kxh1 58. Kb6 1-0

[Event "GER-chT Youth Countries 2018"]
[Site "Wurzburg"]
[Date "2018.10.07"]
[Round "7"]
[White "Klenk, Sofie"]
[Black "Ley, Sabrina"]
[Result "0-1"]
[WhiteElo "1873"]
[BlackElo "1902"]
[Annotator "NA"]
[PlyCount "76"]
[EventDate "2018.10.03"]
[EventType "team-tourn"]
[EventCountry "GER"]
[SourceTitle "playchess.com"]
[Source "ChessBase"]
[SourceQuality "1"]

1. e4 d5 2. exd5 Qxd5 3. Nc3 Qd6 4. d4 Nf6 5. Nf3 a6 6. g3 Bg4 7. Bg2 Nc6 8. O-O O-O-O 9. d5 Nb4 10. h3 Bxf3 11. Qxf3 Nbxd5 12. Nxd5 Qxd5 13. Qe3 Qb5 14. Qa7 c6 15. a4 Qf5 16. Be3 Nd7 17. a5 e6 18. Bxc6 bxc6 19. Qxa6+ Kc7 20. Bb6+ Nxb6 21. axb6+ Kd7 22. Qb7+ Ke8 23. Qxc6+ Ke7 24. Ra7+ Kf6 25. Qc7 Rd5 26. Qxf7+ Kg5 27. h4+ Kh6 28. Qe8 Qf6 29. Ra8 Rd2 30. b7 Rxf2 31. Rxf2 Bc5 32. Qxe6 Qxe6 33. Rxh8 Qe1+ 34. Kh2 Qxf2+ 35. Kh3 Qf1+ 36. Kg4 Qd1+ 37. Kh3 Qd7+ 38. g4 Qxb7 0-1

[Event "GER-chT Youth Countries 2018"]
[Site "Wurzburg"]
[Date "2018.10.07"]
[Round "7"]
[White "Moeller, Lisa-Marie"]
[Black "Roessel, Gino"]
[Result "1-0"]
[WhiteElo "1868"]
[BlackElo "1778"]
[Annotator "NA"]
[PlyCount "57"]
[EventDate "2018.10.03"]
[EventType "team-tourn"]
[EventCountry "GER"]
[SourceTitle "playchess.com"]
[Source "ChessBase"]
[SourceQuality "1"]

1. e4 c5 2. Nf3 d6 3. Bb5+ Bd7 4. Bxd7+ Qxd7 5. c4 Nf6 6. Nc3 e6 7. d4 cxd4 8. Nxd4 a6 9. O-O Be7 10. Be3 O-O 11. f3 Qc7 12. Rc1 Nc6 13. Nd5 Qd8 14. Nxc6 bxc6 15. Nxe7+ Qxe7 16. b4 a5 17. e5 Nd7 18. exd6 Qf6 19. b5 cxb5 20. cxb5 Qe5 21. Qd3 Rab8 22. a4 Rfd8 23. Rc6 Rbc8 24. Rfc1 Rb8 25. Bf2 f5 26. Bh4 Nf6 27. d7 Qf4 28. Bg3 Rxd7 29. Bxf4 1-0

[Event "GER-chT Youth Countries 2018"]
[Site "Wurzburg"]
[Date "2018.10.07"]
[Round "7"]
[White "Koenze, Heike"]
[Black "Bashylina, Luisa"]
[Result "1-0"]
[WhiteElo "1845"]
[BlackElo "1837"]
[Annotator "NA"]
[PlyCount "47"]
[EventDate "2018.10.03"]
[EventType "team-tourn"]
[EventCountry "GER"]
[SourceTitle "playchess.com"]
[Source "ChessBase"]
[SourceQuality "1"]

1. e4 c5 2. Nf3 a6 3. d4 cxd4 4. Nxd4 Nf6 5. Nc3 e5 6. Nb3 Bb4 7. Bd3 d5 8. Bd2 d4 9. Ne2 Bxd2+ 10. Qxd2 O-O 11. O-O Nbd7 12. f4 Qb6 13. Kh1 Rd8 14. h3 Nc5 15. fxe5 Nfd7 16. Qf4 Qe6 17. Nexd4 Qxe5 18. Qxf7+ Kh8 19. Nxc5 Nf6 20. Nf5 Bxf5 21. Rxf5 Qxb2 22. Raf1 Rf8 23. Qxb7 Qxa2 24. e5 1-0

[Event "GER-chT Youth Countries 2018"]
[Site "Wurzburg"]
[Date "2018.10.07"]
[Round "7"]
[White "Focke, Adrian"]
[Black "Bui, Ngoc Han Julia"]
[Result "0-1"]
[WhiteElo "1804"]
[BlackElo "1876"]
[Annotator "NA"]
[PlyCount "72"]
[EventDate "2018.10.03"]
[EventType "team-tourn"]
[EventCountry "GER"]
[SourceTitle "playchess.com"]
[Source "ChessBase"]
[SourceQuality "1"]

1. e4 c5 2. Nf3 d6 3. Bb5+ Nc6 4. O-O Bd7 5. Re1 a6 6. Bxc6 Bxc6 7. d4 cxd4 8. Nxd4 Bd7 9. c4 Rc8 10. b3 e6 11. Be3 Nf6 12. f3 h5 13. Ne2 Qc7 14. Nbc3 Be7 15. Rc1 Qb8 16. Kh1 b6 17. Qd2 Bc6 18. Red1 O-O 19. Qd4 Nd7 20. Bf2 h4 21. g3 f5 22. Qe3 fxe4 23. fxe4 Ne5 24. Bg1 Rf3 25. Qd4 Qb7 26. Rf1 Rd3 27. Qf2 h3 28. Nd5 exd5 29. cxd5 Be8 30. Qxb6 Qxb6 31. Bxb6 Rxc1 32. Rxc1 Bg6 33. Nf4 Bxe4+ 34. Kg1 Rd2 35. Nxh3 Bg2 36. Nf2 Bxd5 0-1

[Event "GER-chT Youth Countries 2018"]
[Site "Wurzburg"]
[Date "2018.10.07"]
[Round "7"]
[White "Reitz, Theresa"]
[Black "Bardorz, Jana"]
[Result "1/2-1/2"]
[WhiteElo "1788"]
[BlackElo "1810"]
[Annotator "NA"]
[PlyCount "93"]
[EventDate "2018.10.03"]
[EventType "team-tourn"]
[EventCountry "GER"]
[SourceTitle "playchess.com"]
[Source "ChessBase"]
[SourceQuality "1"]

1. e4 e5 2. Nf3 Nc6 3. Bb5 a6 4. Ba4 Nf6 5. d3 b5 6. Bb3 Be7 7. g4 h6 8. Nc3 d6 9. g5 hxg5 10. Nxg5 Rf8 11. Rg1 Nd4 12. Be3 Nxb3 13. axb3 c6 14. Qe2 Bd7 15. f4 Qc7 16. O-O-O a5 17. d4 a4 18. dxe5 dxe5 19. fxe5 Qxe5 20. bxa4 b4 21. Nb1 Rxa4 22. Qd2 Ra2 23. Bd4 Qc7 24. Rgf1 Bg4 25. Rde1 c5 26. Bxf6 Bxf6 27. e5 Bxg5 28. Qxg5 Qd7 29. e6 Bxe6 30. Qxc5 b3 31. Qb4 bxc2 32. Rxe6+ Qxe6 33. Re1 cxb1=Q+ 34. Kxb1 Ra6 35. Qb5+ Ke7 36. Rxe6+ Rxe6 37. Qg5+ Rf6 38. Qxg7 Rf1+ 39. Kc2 Rc8+ 40. Kd2 Rf6 41. Qg5 Rd8+ 42. Kc3 Rc8+ 43. Kd3 Rd8+ 44. Kc2 Rc8+ 45. Kb1 Rcc6 46. h4 Kf8 47. Qb5 1/2-1/2

[Event "GER-chT Youth Countries 2018"]
[Site "Wurzburg"]
[Date "2018.10.07"]
[Round "7"]
[White "Glinzner, Alva"]
[Black "Ratay, Meike"]
[Result "1/2-1/2"]
[WhiteElo "1787"]
[BlackElo "1887"]
[Annotator "NA"]
[PlyCount "44"]
[EventDate "2018.10.03"]
[EventType "team-tourn"]
[EventCountry "GER"]
[SourceTitle "playchess.com"]
[Source "ChessBase"]
[SourceQuality "1"]

1. e4 c5 2. Nf3 d6 3. Bb5+ Nd7 4. d4 cxd4 5. Qxd4 a6 6. Bc4 e6 7. Bg5 Ngf6 8. Nc3 Be7 9. Rd1 O-O 10. O-O Qc7 11. Rfe1 b5 12. Bf1 Bb7 13. a4 bxa4 14. Nxa4 e5 15. Qc4 Rfc8 16. Nd2 Bc6 17. Nc3 Nb6 18. Qb3 a5 19. Be3 Rab8 20. Qa2 Nbd7 21. Bc4 Rf8 22. f3 Rb4 1/2-1/2

[Event "GER-chT Youth Countries 2018"]
[Site "Wurzburg"]
[Date "2018.10.07"]
[Round "7"]
[White "Lutz, Adam"]
[Black "Tovmasyan, Minas"]
[Result "1/2-1/2"]
[WhiteElo "1787"]
[BlackElo "1554"]
[Annotator "NA"]
[PlyCount "60"]
[EventDate "2018.10.03"]
[EventType "team-tourn"]
[EventCountry "GER"]
[SourceTitle "playchess.com"]
[Source "ChessBase"]
[SourceQuality "1"]

1. e4 c5 2. Nf3 e6 3. d4 cxd4 4. Nxd4 a6 5. Nc3 Qc7 6. Bd3 Nf6 7. f4 d6 8. O-O b5 9. a3 Bb7 10. Kh1 Nbd7 11. Nb3 Be7 12. Bd2 Rc8 13. Qe2 Nb6 14. e5 Nfd5 15. Qg4 g6 16. Rae1 dxe5 17. fxe5 Nc4 18. Qf3 Bh4 19. Ne4 Nxe5 20. Qh3 Bxe1 21. Bxe1 Nxd3 22. Qxd3 O-O 23. Bg3 Qxc2 24. Qf3 Ne3 25. Nf6+ Kh8 26. Qxb7 Nxf1 27. Be5 Ng3+ 28. hxg3 Qf5 29. Nd7+ Kg8 30. Nf6+ Kh8 1/2-1/2

[Event "GER-chT Youth Countries 2018"]
[Site "Wurzburg"]
[Date "2018.10.07"]
[Round "7"]
[White "Reuter, Elisa"]
[Black "Farokhi, Keyvan"]
[Result "1/2-1/2"]
[WhiteElo "1786"]
[BlackElo "1855"]
[Annotator "NA"]
[PlyCount "119"]
[EventDate "2018.10.03"]
[EventType "team-tourn"]
[EventCountry "GER"]
[SourceTitle "playchess.com"]
[Source "ChessBase"]
[SourceQuality "1"]

1. e4 e5 2. Nf3 Nc6 3. Bb5 a6 4. Ba4 d6 5. O-O Bg4 6. c3 Qf6 7. d3 Bxf3 8. Qxf3 Qxf3 9. gxf3 g6 10. Bxc6+ bxc6 11. f4 exf4 12. Bxf4 Rb8 13. Bc1 Ne7 14. Nd2 Bh6 15. Nb3 Bxc1 16. Raxc1 O-O 17. Rc2 f5 18. f4 fxe4 19. dxe4 c5 20. Re2 Nc6 21. Rg2 Rbe8 22. Nd2 Kg7 23. h4 Rf6 24. h5 Kf7 25. hxg6+ Rxg6 26. Kf2 Reg8 27. Rxg6 hxg6 28. Rh1 Kg7 29. Rg1 Rh8 30. Nf3 Kf6 31. Rd1 a5 32. b3 a4 33. Rb1 Rb8 34. Nd2 axb3 35. Rxb3 Ra8 36. Rb2 g5 37. fxg5+ Kxg5 38. Ke3 Ne5 39. Nf3+ Nxf3 40. Kxf3 Ra3 41. Rc2 Kf6 42. Ke3 c6 43. Kd3 d5 44. exd5 cxd5 45. Rf2+ Ke5 46. Re2+ Kd6 47. Rb2 Kc6 48. Kd2 c4 49. Rc2 Kd6 50. Kc1 Kc5 51. Kb2 Ra8 52. Rd2 Rb8+ 53. Kc2 Rb5 54. Rd1 Kb6 55. Rb1 Rxb1 56. Kxb1 Kc5 57. Kb2 Kb5 58. Kc2 Ka4 59. Kb2 Kb5 60. Kc2 1/2-1/2

[Event "GER-chT Youth Countries 2018"]
[Site "Wurzburg"]
[Date "2018.10.07"]
[Round "7"]
[White "Butenandt, Svenja"]
[Black "Ruhmke, Rebecca"]
[Result "1-0"]
[WhiteElo "1762"]
[BlackElo "1399"]
[Annotator "NA"]
[PlyCount "43"]
[EventDate "2018.10.03"]
[EventType "team-tourn"]
[EventCountry "GER"]
[SourceTitle "playchess.com"]
[Source "ChessBase"]
[SourceQuality "1"]

1. d4 Nf6 2. c4 b6 3. Nf3 Bb7 4. e3 e6 5. Nc3 Be7 6. Bd3 O-O 7. e4 d5 8. cxd5 exd5 9. e5 Ne4 10. Qc2 f5 11. O-O c5 12. Rd1 Nd7 13. Be3 f4 14. Bc1 Rc8 15. Nxd5 cxd4 16. Bc4 Nxe5 17. Nxe7+ Kh8 18. Nxc8 Nxf3+ 19. gxf3 Qg5+ 20. Kf1 Bxc8 21. Qxe4 Bh3+ 22. Ke2 1-0

[Event "GER-chT Youth Countries 2018"]
[Site "Wurzburg"]
[Date "2018.10.07"]
[Round "7"]
[White "Dietz, Kristin"]
[Black "Hommer, Jeremy"]
[Result "0-1"]
[WhiteElo "1762"]
[BlackElo "1983"]
[Annotator "NA"]
[PlyCount "76"]
[EventDate "2018.10.03"]
[EventType "team-tourn"]
[EventCountry "GER"]
[SourceTitle "playchess.com"]
[Source "ChessBase"]
[SourceQuality "1"]

1. e4 e6 2. d4 d5 3. Nd2 Be7 4. Bd3 Nf6 5. e5 Nfd7 6. Ne2 c5 7. c3 Nc6 8. O-O g5 9. Bb1 Qb6 10. Nb3 cxd4 11. cxd4 h5 12. Kh1 Nf8 13. f4 gxf4 14. Nxf4 Bd7 15. Nxh5 O-O-O 16. Nf6 Qc7 17. Bg5 Nxe5 18. dxe5 Qxe5 19. Qc1+ Bc6 20. Qf4 Qxb2 21. Qd4 Qa3 22. Bd3 Nd7 23. Nxd7 Bxg5 24. Ne5 Qd6 25. h3 f6 26. Nf7 Qg3 27. Nxh8 Rxh8 28. Qg4 Qxg4 29. Rf2 d4 30. Kg1 Qg3 31. Rc2 Qxd3 32. Rb2 Be3+ 33. Kh2 Bf4+ 34. Kg1 Qe3+ 35. Kf1 Bb5+ 36. Re2 Bxe2+ 37. Ke1 Bd3+ 38. Kd1 Qe2# 0-1

[Event "GER-chT Youth Countries 2018"]
[Site "Wurzburg"]
[Date "2018.10.07"]
[Round "7"]
[White "Kunisch, Nina"]
[Black "Genov, Valentin"]
[Result "0-1"]
[WhiteElo "1740"]
[BlackElo "1756"]
[Annotator "NA"]
[PlyCount "90"]
[EventDate "2018.10.03"]
[EventType "team-tourn"]
[EventCountry "GER"]
[SourceTitle "playchess.com"]
[Source "ChessBase"]
[SourceQuality "1"]

1. e4 c5 2. Nf3 d6 3. Bb5+ Bd7 4. Bxd7+ Qxd7 5. c4 Nf6 6. Nc3 g6 7. O-O Nc6 8. d4 cxd4 9. Nxd4 Bg7 10. f3 Nxe4 11. Nxe4 Nxd4 12. Re1 O-O 13. Rb1 Rac8 14. b3 d5 15. Nd2 e6 16. Bb2 Rfd8 17. cxd5 Qxd5 18. Ne4 Qa5 19. Rc1 Nc2 20. Bxg7 Rxd1 21. Rexd1 Kxg7 22. Rd2 Qb6+ 23. Kh1 Qe3 24. h3 f5 25. Rcxc2 Rxc2 26. Rxc2 fxe4 27. fxe4 Qxe4 28. Rc7+ Kh6 29. Rf7 Qb1+ 30. Kh2 Qxa2 31. Rxb7 e5 32. Re7 Qxb3 33. Rxa7 e4 34. Re7 e3 35. h4 Qd3 36. g3 e2 37. Kh3 Qf5+ 38. g4 Qf1+ 39. Kh2 e1=Q 40. g5+ Kh5 41. Rxe1 Qxe1 42. Kg2 Kg4 43. h5 Qe2+ 44. Kh1 Kg3 45. h6 Qg2# 0-1

[Event "GER-chT Youth Countries 2018"]
[Site "Wurzburg"]
[Date "2018.10.07"]
[Round "7"]
[White "Liu, Sijia Anna"]
[Black "Grining, Maria"]
[Result "1/2-1/2"]
[WhiteElo "1730"]
[BlackElo "1572"]
[Annotator "NA"]
[PlyCount "70"]
[EventDate "2018.10.03"]
[EventType "team-tourn"]
[EventCountry "GER"]
[SourceTitle "playchess.com"]
[Source "ChessBase"]
[SourceQuality "1"]

1. e4 c6 2. Nc3 d5 3. Qf3 dxe4 4. Nxe4 Nf6 5. Bc4 e6 6. d3 Nxe4 7. Qxe4 Be7 8. g4 Nd7 9. Bd2 Nf6 10. Qg2 Qc7 11. Bc3 Rg8 12. Nf3 Bd7 13. Ne5 Bd6 14. d4 Nd5 15. Qf3 f6 16. Nd3 O-O-O 17. Nc5 Bxc5 18. dxc5 Nxc3 19. Qxc3 Qf4 20. h3 Qe4+ 21. Kd2 Be8+ 22. Bd3 Qf4+ 23. Ke2 Bg6 24. Bxg6 hxg6 25. Rhd1 Qe4+ 26. Kf1 Qh1+ 27. Ke2 Qe4+ 28. Kf1 e5 29. f3 Qf4 30. Kg2 e4 31. fxe4 Qxe4+ 32. Kf2 Qf4+ 33. Qf3 Rd2+ 34. Rxd2 Qxd2+ 35. Qe2 Qf4+ 1/2-1/2

[Event "GER-chT Youth Countries 2018"]
[Site "Wurzburg"]
[Date "2018.10.07"]
[Round "7"]
[White "Mundt, Alexandra"]
[Black "Wagner, Margarethe"]
[Result "0-1"]
[WhiteElo "1679"]
[BlackElo "1643"]
[Annotator "NA"]
[PlyCount "84"]
[EventDate "2018.10.03"]
[EventType "team-tourn"]
[EventCountry "GER"]
[SourceTitle "playchess.com"]
[Source "ChessBase"]
[SourceQuality "1"]

1. Nf3 d5 2. g3 Nf6 3. Bg2 e6 4. b3 Be7 5. Bb2 c5 6. c4 Nbd7 7. O-O O-O 8. e3 b6 9. Nc3 Ba6 10. d3 Rc8 11. Rc1 h6 12. Qe2 Qc7 13. Rfd1 Rfd8 14. Qe1 Nb8 15. Ne2 Nc6 16. Nf4 Nb4 17. Be5 Qd7 18. a3 Nc6 19. Bb2 Na5 20. Rb1 Nc6 21. cxd5 Nxd5 22. d4 c4 23. b4 Ncxb4 24. Ne5 Nc2 25. Qe2 Qa4 26. Qh5 Qe8 27. a4 c3 28. Bc1 Nf6 29. Qf3 Nxe3 30. Bxe3 c2 31. Bh3 cxd1=Q+ 32. Rxd1 Rd6 33. d5 Bb7 34. Qe2 Bxd5 35. Nxd5 Rxd5 36. Rxd5 Nxd5 37. Bxh6 gxh6 38. Nxf7 Rc1+ 39. Kg2 Nf4+ 40. gxf4 Qc6+ 41. f3 Rc2 42. Nxh6+ Kh7 0-1

[Event "GER-chT Youth Countries 2018"]
[Site "Wurzburg"]
[Date "2018.10.07"]
[Round "7"]
[White "Amato, Cristiano"]
[Black "Deuer, Marius"]
[Result "0-1"]
[WhiteElo "1661"]
[BlackElo "1711"]
[Annotator "NA"]
[PlyCount "116"]
[EventDate "2018.10.03"]
[EventType "team-tourn"]
[EventCountry "GER"]
[SourceTitle "playchess.com"]
[Source "ChessBase"]
[SourceQuality "1"]

1. e4 c5 2. Nc3 Nc6 3. Bb5 g6 4. Bxc6 dxc6 5. f4 Bg7 6. Nf3 Nh6 7. O-O O-O 8. Qe1 e5 9. d3 exf4 10. Bxf4 f5 11. Bg5 Qc7 12. Qh4 fxe4 13. dxe4 Ng4 14. h3 Rxf3 15. hxg4 Bd4+ 16. Kh1 Rxf1+ 17. Rxf1 Be6 18. Bf6 Rf8 19. Rf3 Bxg4 20. Qxg4 Rxf6 21. Rxf6 Bxf6 22. Qe6+ Qf7 23. Qd6 Bd4 24. Kh2 Qf6 25. Qxf6 Bxf6 26. Kg3 Bxc3 27. bxc3 Kf7 28. Kf4 Ke6 29. Kg5 Ke5 30. g4 h5 31. gxh5 gxh5 32. Kxh5 Kxe4 33. Kg6 Kd5 34. Kf5 Kc4 35. Ke5 Kxc3 36. Kd6 Kxc2 37. Kxc5 a5 38. Kb6 a4 39. Kxb7 a3 40. Kxc6 Kb2 41. Kc5 Kxa2 42. Kd4 Kb2 43. Ke4 a2 44. Ke5 a1=Q 45. Ke4 Qa5 46. Kd4 Qb5 47. Ke4 Qc5 48. Kf4 Qd5 49. Kg3 Qe4 50. Kf2 Qd3 51. Ke1 Qc2 52. Kf1 Qd2 53. Kg1 Qe2 54. Kh1 Kc3 55. Kg1 Kd3 56. Kh1 Ke3 57. Kg1 Kf3 58. Kh1 Qg2# 0-1

[Event "GER-chT Youth Countries 2018"]
[Site "Wurzburg"]
[Date "2018.10.07"]
[Round "7"]
[White "Haenselmann, Hendrik"]
[Black "Schwegler, Jelena"]
[Result "1-0"]
[WhiteElo "1660"]
[BlackElo "1496"]
[Annotator "NA"]
[PlyCount "67"]
[EventDate "2018.10.03"]
[EventType "team-tourn"]
[EventCountry "GER"]
[SourceTitle "playchess.com"]
[Source "ChessBase"]
[SourceQuality "1"]

1. e4 e5 2. Nf3 Nc6 3. Nc3 Nf6 4. Bb5 Bb4 5. O-O Bxc3 6. dxc3 O-O 7. Re1 d6 8. b3 Ne7 9. Nh4 Ng6 10. Nxg6 fxg6 11. Bc4+ Kh8 12. f3 Nh5 13. Qe2 Nf4 14. Bxf4 Rxf4 15. Rad1 Qg5 16. Qf2 Bd7 17. Qg3 Qh5 18. Bd5 Raf8 19. Rf1 g5 20. Rd3 R8f6 21. Qf2 c6 22. Bc4 Rxe4 23. fxe4 Rxf2 24. Rxf2 g6 25. Rf8+ Kg7 26. Rf7+ Kh6 27. Rxd7 g4 28. Bg8 Kg5 29. Rxh7 Qxh7 30. Bxh7 Kh6 31. Bg8 Kg5 32. Rxd6 Kf4 33. Rxg6 Kxe4 34. Rxg4+ 1-0

[Event "GER-chT Youth Countries 2018"]
[Site "Wurzburg"]
[Date "2018.10.07"]
[Round "7"]
[White "Grunert, Wilhelm"]
[Black "Metzdorf, Matteo"]
[Result "0-1"]
[WhiteElo "1659"]
[BlackElo "1806"]
[Annotator "NA"]
[PlyCount "108"]
[EventDate "2018.10.03"]
[EventType "team-tourn"]
[EventCountry "GER"]
[SourceTitle "playchess.com"]
[Source "ChessBase"]
[SourceQuality "1"]

1. e4 e6 2. d4 d5 3. Nd2 c5 4. c3 Nc6 5. e5 cxd4 6. cxd4 Nxd4 7. Qa4+ Nc6 8. Bb5 Bd7 9. Ngf3 Qb6 10. O-O Nxe5 11. Bxd7+ Nxd7 12. Ne5 Ngf6 13. Ndf3 Qb4 14. Qc2 Bd6 15. Bd2 Qe4 16. Qxe4 Nxe4 17. Bf4 g5 18. Nxf7 Kxf7 19. Nxg5+ Nxg5 20. Bxd6 Ne4 21. Bb4 a5 22. f3 Nef6 23. Bc3 Nc5 24. Rad1 Rhe8 25. Rfe1 Nfd7 26. Rd4 Nf6 27. Rh4 Ncd7 28. g4 Rg8 29. h3 h5 30. Kf2 b6 31. gxh5 Rg5 32. h6 Rh8 33. b4 a4 34. a3 Rg6 35. Bd2 e5 36. f4 Ne4+ 37. Rxe4 dxe4 38. fxe5 Nxe5 39. Rxe4 Nd7 40. Rc4 Rf6+ 41. Ke2 Re8+ 42. Kd1 Rd6 43. Kc1 Nf6 44. b5 Re4 45. Rc7+ Rd7 46. Rc6 Re6 47. Rc4 Re5 48. Kc2 Rc5 49. Rxc5 bxc5 50. Bc3 Kg6 51. Bxf6 Kxf6 52. Kc3 Ke5 53. Kc4 Kd6 54. b6 Kc6 0-1

[Event "GER-chT Youth Countries 2018"]
[Site "Wurzburg"]
[Date "2018.10.07"]
[Round "7"]
[White "Werner, Rosalie"]
[Black "Schulz, Hannah"]
[Result "1-0"]
[WhiteElo "1566"]
[BlackElo "1527"]
[Annotator "NA"]
[PlyCount "91"]
[EventDate "2018.10.03"]
[EventType "team-tourn"]
[EventCountry "GER"]
[SourceTitle "playchess.com"]
[Source "ChessBase"]
[SourceQuality "1"]

1. e4 c6 2. d4 d5 3. Nc3 dxe4 4. Nxe4 Nf6 5. Nxf6+ gxf6 6. c3 Bf5 7. Nf3 e6 8. g3 Nd7 9. Bg2 Qc7 10. O-O O-O-O 11. Qe2 h5 12. b4 Bh6 13. c4 Kb8 14. c5 Nf8 15. b5 cxb5 16. Qxb5 Be4 17. Bxh6 Rxh6 18. a4 Bc6 19. Qb4 Ng6 20. h4 Bxf3 21. Bxf3 Nxh4 22. gxh4 Rg8+ 23. Kh1 Rg4 24. Bxg4 hxg4 25. Rg1 Rxh4+ 26. Kg2 Qc6+ 27. Kf1 Rh1 28. Qb5 Qe4 29. Rb1 Rh2 30. Qe8+ Kc7 31. Qxf7+ Kc8 32. Qf8+ Kc7 33. Qd6+ Kc8 34. Qxh2 Qxb1+ 35. Kg2 Qe4+ 36. Kg3 Qd3+ 37. Kxg4 Qxd4+ 38. Qf4 f5+ 39. Kf3 Qd3+ 40. Qe3 Qd5+ 41. Kg3 f4+ 42. Qxf4 Qd3+ 43. Qe3 Qg6+ 44. Kh2 Qh5+ 45. Qh3 Qxc5 46. Qxe6+ 1-0

[Event "GER-chT Youth Countries 2018"]
[Site "Wurzburg"]
[Date "2018.10.07"]
[Round "7"]
[White "Keymer, Cecilia"]
[Black "Alferova, Emily"]
[Result "1-0"]
[WhiteElo "1479"]
[BlackElo "1316"]
[Annotator "NA"]
[PlyCount "71"]
[EventDate "2018.10.03"]
[EventType "team-tourn"]
[EventCountry "GER"]
[SourceTitle "playchess.com"]
[Source "ChessBase"]
[SourceQuality "1"]

1. d4 d5 2. c4 e6 3. Nc3 Nf6 4. cxd5 exd5 5. Bg5 Be7 6. e3 c6 7. Bd3 Bg4 8. Qc2 Bh5 9. h3 Bg6 10. Nf3 Nbd7 11. Bxg6 hxg6 12. Bf4 O-O 13. O-O Re8 14. Rab1 b5 15. Ne2 Rc8 16. Qd3 Ne4 17. Rfc1 a6 18. Rc2 c5 19. dxc5 Ndxc5 20. Qd1 Qd7 21. Ne5 Qb7 22. Rbc1 Bd6 23. Nf3 Bxf4 24. Nxf4 Red8 25. Ne5 g5 26. Ne2 Qe7 27. Nf3 Rc7 28. Nfd4 Rdd7 29. a3 Nf6 30. Ng3 g6 31. Qe2 Nce4 32. Nxe4 Rxc2 33. Nxf6+ Qxf6 34. Qxc2 Kg7 35. Qc6 Qxc6 36. Rxc6 1-0

[Event "GER-chT Youth Countries 2018"]
[Site "Wurzburg"]
[Date "2018.10.07"]
[Round "7"]
[White "Fischer, Darja"]
[Black "Woerz, Ann-Sophie"]
[Result "0-1"]
[WhiteElo "1456"]
[BlackElo "1463"]
[Annotator "NA"]
[PlyCount "66"]
[EventDate "2018.10.03"]
[EventType "team-tourn"]
[EventCountry "GER"]
[SourceTitle "playchess.com"]
[Source "ChessBase"]
[SourceQuality "1"]

1. e4 e5 2. Nf3 Nc6 3. Nc3 Nf6 4. Bb5 Bb4 5. O-O O-O 6. d3 Re8 7. Bg5 h6 8. Bh4 a6 9. Bc4 Na5 10. Bb3 Nxb3 11. axb3 c6 12. Re1 d6 13. h3 Be6 14. d4 Bd7 15. dxe5 dxe5 16. Qd2 Rc8 17. Bxf6 gxf6 18. Qxh6 Re6 19. Qe3 Qf8 20. Nh4 Bc5 21. Qf3 Rd6 22. Rad1 Bd4 23. Nf5 Bxf5 24. Qxf5 Rcd8 25. Rd3 Qg7 26. Rg3 Qxg3 27. Ne2 Qg5 28. Nxd4 Rxd4 29. Qf3 Rd2 30. Re2 Rxe2 31. Qxe2 Rd2 32. Qc4 Qf4 33. Qc5 Rd1# 0-1